000 00665nam a2200241 i 4500
001 bg
100 1 _aSWAN, Michael
245 0 0 _aThe new Cambridge English course.
_n1,
_pTeacher /
_cMichael Swan, Catherine Walter.
250 _a4th ed.
260 _aCambridge :
_bCambridge Univ. Press,
_c1994.
300 _a147 s. :
_bfot., rys. ;
_c30 cm.
500 _a5 dodr. do wyd. 1 z 1990.
650 9 _aJęzyk angielski
_xnauczanie
655 _aPodręczniki
700 1 _aWALTER, Catherine
020 _a0521376653
040 _cBPK
041 0 _aen
080 _a802.0
920 _a0-521-37665-3
942 _cKS
008 s pl f |000 0 pol
999 _c6786
_d6786
856 _uhttp://koha.tu.koszalin.pl/cgi-bin/koha/opac-detail.pl?biblionumber=6786
_yKatalog online BPK